| 000 | 00661nam a2200193 4500 | ||
|---|---|---|---|
| 005 | 20260508063901.0 | ||
| 008 | 210611b1921 it ||||| |||| 00| 0 ita d | ||
| 040 | _aAR-MoUNM | ||
| 082 | 0 |
_220 _bCHIN 539 |
|
| 100 | 1 |
_aChini, Mineo. _919952 |
|
| 245 | 1 | 0 |
_aLezioni sull' integrazione delle equazioni differenziali : _bad uso degli studenti di chimica / _cMineo Chini. |
| 260 |
_aLivorno : _bRaffaello Giusti, _c1921. |
||
| 300 | _a200 p. | ||
| 650 | 7 |
_aMATEMATICAS _2unescot _959 |
|
| 650 | 7 |
_aECUACION _2unescot _9767 |
|
| 650 | 7 |
_aQUIMICA _2unescot _9377 |
|
| 856 |
_qimg _uhttp://biblioteca.unm.edu.ar/documentos/imagenes/catalogacion.jpg |
||
| 942 | _cPRECATALOG | ||
| 999 |
_c15699 _d15700 |
||